Enigme One piece #2 - Statistiques

Statistiques générales
  • Ce quiz a été pris 326 fois
  • Le résultat moyen est 14 sur 20
Statistiques - réponses
Énigmes Personnages % Correct
Je veux vivre !!! Robin
97%
Luffy, aide-moi !! Nami
95%
Je compte sur toi pour me le rendre un jour, quand tu seras devenu un pirate digne de ce nom Shanks
94%
Je me suis trompé de bateaux !! Zoro
90%
Merci de m'avoir aimé Ace
89%
Les pirates représenterais le mal, la marine la justice. Un enfant qui n'a jamais connu la paix et un enfant qui n'a jamais connu la guerre ne voient pas le monde de la même façon. La justice est toujours du côté des vainqueurs. Doflamingo
89%
Je suis capable de te vaincre !! Luffy
89%
Ou plutôt non en tant que grand frère Sabo
87%
Ça fais longtemps qu'on s'est pas vu chapeau de paille Crocodile
83%
Rentrez chez vous, sales pirates du Dimanche Sanji
78%
Les vainqueurs de ce combat se rapprocheront considérablement du titre de roi des pirates Kaido
76%
Ce n'est pas dieux que les hommes craignent c'est la peur que celui ci incarne Ener
68%
Le "D" n'a pas finis de faire trembler le monde Trafalgar law
65%
Comment as tu osé maltraiter mon bien aimé Boa Hancock
57%
Tout bien réfléchis je vais peut-être vous tuer maintenant Aokiji
51%
Désormais je ne te verrais plus comme un adverse de second rang Katakuri
42%
Qui a infligé ce sort à mon camarade ?! Kidd
42%
Si vous les avez au bout du fil dites leur que je ne reçois d'ordres de personnes Smoker
36%
Celui-là tu ne l'auras pas Marco
27%
Si je suis là, c'est justement pour rompre ce lien qui m'enchaine à toi Yamato
21%
Aucun quiz correspondant
Distribution des résultats
% des personnes avec chaque résultat
Percentile par nombre de réponses
Votre historique - résultats
Vous n’avez pas pris ce quiz